Представление документа в формате RUSMARC

ПолеНазваниеЗначение
  Тип записи a
  Библиографический уровень m
001 Контрольный номер 774e06f0d34f4fb182a350ba5e6fea7a
005 Дата корректировки 20140616164231.5
010 Индекс ISBN __
a ISBN 5-282-02272-9
200 Заглавие и сведения об ответственности 1_
a Заглавие Кадровая служба и управление персоналом организации
e Сведения, относящиеся к заглавию Практ.пособие кадровика
f Первые сведения об ответственности Центр кадрологии и эффектив.персонал-менеджмента
210 Выходные данные 1_
a Место издания М.
c Издательство Экономика
d Дата издания 2003
215 Физическое описание __
a Объем 701 с.
225 Серия 2_
a Серия Кадровая антология России
300 Общие примечания __
a Общие примечания 3экз.
610 Ключевые слова 0_
a Ключевые слова кадры
610 Ключевые слова 0_
a Ключевые слова кадровая политика
610 Ключевые слова 0_
a Ключевые слова трудовое законодательство
610 Ключевые слова 0_
a Ключевые слова кадровое делопроизводство
610 Ключевые слова 0_
a Ключевые слова аттестация
686 Индексы других классификаций __
a Классификационный индекс 65.9(2)240
2 Код системы rubbk
686 Индексы других классификаций __
a Классификационный индекс 65.050.9(2)24
2 Код системы rubbk
686 Индексы других классификаций __
a Классификационный индекс 67.627-32
2 Код системы rubbk
700 Автор _1
a Фамилия Анисимов Владимир Михайлович
801 Источник записи _0
a Страна RU
b Организация РУК
c Дата составления 20040311
g Правила каталогизации PSBO
801 Источник записи _1
a Страна RU
b Организация РУК
c Дата составления 20040311
g Правила каталогизации PSBO
852 Данные о местонахождении __
i Авторский знак А67
j Шифр хранения ББК 65.9(2)24
901 Тип документа __
t Тип документа m
938 Служебная информация __
a Название организации Головной вуз
b Имя БД BOOK
c Название АИБС АИБС ИРБИС